عرض عادي
عرض مارك
- Van Bergen, Olivia.
مدخل إسم شخص
001 - رقم الضبط
- حقل الضبط: 36098
003 - معرف رقم الضبط
- حقل الضبط: OSt
005 - تاريخ ووقت أخر عملية
- حقل الضبط: 20130620150518.0
008 - عناصر بيانات ثابتة الطول
- حقل تحكم ثابت الطول: 130620|||a|||||| | ||| d
040 ## - مصدر الفهرسة
- هيئة الفهرسة الأصلية: OSt
- وكالة الكتابة: OSt
100 ## - مدخل -- أسم شخص
- إسم شخص: Van Bergen, Olivia.
670 ## - بيانات المصدر موجوده
- الاستشهاد بالمصدر: Work cat.: (OSt)0: Appleton, Amber. 36094, Metabolism and nutrition., 2013.
